000 00499nam a22001697a 4500
003 BD-ChCU
005 20260401131350.0
008 260401b bg ||||| |||| 00| 0 ben d
040 _cBD-ChCU
082 _a547 TEB
100 _aTedder, J. M. and Nechvatal, A.
_921054
245 _aBasic organic chemistry :
_ba mechanistic approach.//
_cTedder, J. M. and Nechvatal, A.
260 _aLondon.
_bWiley.
_c1966
300 _axiv, 238p
650 0 _aChemistry - Organic.
_921055
942 _2ddc
_cBK
_n0
999 _c112002
_d112002